| 000 | 00623nam a22001817a 4500 | ||
|---|---|---|---|
| 999 |
_c173547 _d173547 |
||
| 005 | 20200302131545.0 | ||
| 010 | _aENG-127947 | ||
| 020 |
_a9788175247635 _c900.00 |
||
| 035 | _aEN-111479 | ||
| 037 | _bDBAD/PUB | ||
| 082 | _a796.07 | ||
| 100 | _aDubey,P.B | ||
| 245 |
_aProfessional Preparation and Curriculum Design in Physical Education and Sports/ _cby P.B.Dubey [and] Ataullah Jagirdar |
||
| 260 |
_aNew Delhi _bKhel Sahitya Kendra _c2015 |
||
| 270 |
_a7/26, Ansari Road, Daryaganj _bNew Delhi _e110002 _mkhelsahitya@rediffmail.com |
||
| 300 |
_a308p. _c23cm(hb) |
||
| 942 |
_2ddc _cEN _h796.07 _mDubey |
||